| 000 | 00823nam a22002297a 4500 | ||
|---|---|---|---|
| 005 | 20251108165353.0 | ||
| 008 | 250721s9999 xx 000 0 ara d | ||
| 082 | 1 | 4 | _aم/922.13/حسي |
| 100 | 1 | _aالحسيني، أبو المحاسن شمس الدين محمد بن ... | |
| 245 | 1 | 0 | _aذيل تذكرة الحفاظ للذهبي / |
| 264 | 1 |
_aبيروت : _bدار الكتب العلمية، _c[19-]. |
|
| 300 | _a610ص. | ||
| 500 | _aطبقات الحفاظ | ||
| 650 | 1 | 7 | _aالمحدثون |
| 650 | 1 | 7 | _aرجال الحديث |
| 650 | 1 | 7 | _aالتراجم |
| 650 | 1 | 7 | _aتذكرة الحفاظ |
| 700 | 1 | _aالذهبي، شمس الدين أبو عبد الله محمد بن ... | |
| 700 | 1 | _aإبن فهد المكي، أبو الفضل تقي الدين ... | |
| 942 |
_2ddc _cREF |
||
| 999 |
_c26273 _d26273 |
||